书目信息 |
| 题名: |
人类本性
|
|
| 作者: | 温尼科特 原著 ;卢林 , 王晓彦 , 张沛超 译 | |
| 分册: | ||
| 出版信息: | 北京 北京大学医学出版社 2016 |
|
| 页数: | 19,198页 | |
| 开本: | 21cm | |
| 丛书名: | 温尼科特心理治疗经典译丛 | |
| 单 册: | ||
| 中图分类: | B82-061 | |
| 科图分类: | ||
| 主题词: | 人性论--ren xing lun | |
| 电子资源: | ||
| ISBN: | 978-7-5659-1241-2 | |
| 000 | 01153nam0 22003011 450 | |
| 001 | 1754551090 | |
| 005 | 20170516112211.0 | |
| 010 | @a978-7-5659-1241-2@dCNY35.00 | |
| 100 | @a20161230d2016 em y0chiy50 ea | |
| 101 | 1 | @achi@ceng |
| 102 | @aCN@b110000 | |
| 105 | @ay z 000yy | |
| 106 | @ar | |
| 200 | 1 | @a人类本性@9ren lei ben xing@dHuman nature@fD. W. Winnicott原著@g卢林,王晓彦,张沛超译@zeng |
| 210 | @a北京@c北京大学医学出版社@d2016 | |
| 215 | @a19,198页@d21cm | |
| 225 | 2 | @a温尼科特心理治疗经典译丛@9wen ni ke te xin li zhi liao jing dian yi cong |
| 330 | @a本书是作者对自己的思想进行概括和总结。书中对精神分析理论的大多数问题进行透视,例如心身、俄狄浦斯情节、婴儿性欲、潜意识、抑郁位态、躁狂性防御、过渡性客体、攻击。 | |
| 461 | 0 | @12001 @a温尼科特心理治疗经典译丛 |
| 510 | 1 | @aHuman nature@zeng |
| 606 | 0 | @a人性论@9ren xing lun |
| 690 | @aB82-061@v5 | |
| 701 | 0 | @c(英)@a温尼科特@9wen ni ke te@c(Winnicott, D. W.@f1896-1971)@4原著 |
| 702 | 0 | @a卢林@9lu lin@4译 |
| 702 | 0 | @a王晓彦@9wang xiao yan@4译 |
| 702 | 0 | @a张沛超@9zhang pei chao@4译 |
| 801 | 0 | @aCN@b百万庄@c20170513 |
| 905 | @b1006548-53@dB82-061@e725@f6 | |
| 人类本性=Human nature/D. W. Winnicott原著/卢林,王晓彦,张沛超译.-北京:北京大学医学出版社,2016 |
| 19,198页;21cm.-(温尼科特心理治疗经典译丛) |
| ISBN 978-7-5659-1241-2:CNY35.00 |
| 本书是作者对自己的思想进行概括和总结。书中对精神分析理论的大多数问题进行透视,例如心身、俄狄浦斯情节、婴儿性欲、潜意识、抑郁位态、躁狂性防御、过渡性客体、攻击。 |
| ● |
| 相关链接 |
|
|
|
|
正题名:人类本性
索取号:B82-061/725
 
预约/预借
| 序号 | 登录号 | 条形码 | 馆藏地/架位号 | 状态 | 备注 |
| 1 | 1006548 | 210065481 | 第一样本阅览室/ [索取号:B82-061/725] | 在馆 | |
| 2 | 1006549 | 210065490 | 教育系资料室/ [索取号:B82-061/725] | 在馆 | |
| 3 | 1006550 | 210065506 | 教育系资料室/ [索取号:B82-061/725] | 在馆 | |
| 4 | 1006551 | 210065515 | 教育系资料室/ [索取号:B82-061/725] | 在馆 | |
| 5 | 1006552 | 210065524 | 第一借阅区/ [索取号:B82-061/725] | 在馆 | |
| 6 | 1006553 | 210065533 | 第一借阅区/ [索取号:B82-061/725] | 在馆 |